000 00729nam a22001931i 4500
001 183680
003 ES-MaACL
005 20250604062552.0
008 140923s1869 sp |||| | spa d
245 0 3 _aLa verdad en el hogar doméstico.
260 _aMadrid :
_b[s.n.],
_c1869 (
_fImp. de M. Tello)
300 _a1 v. (30 ; 34 p.) ;
_c27 cm.
530 _aDisponible en formato digital.
651 7 _aEspaña-
_xHistoria-
_yS.XIX
_2
_9142005
852 4 _aES-MaACL
_jT-137-F-4
_z- Enc. en un vol. facticio
852 4 _aES-MaACL
_jT-837-F-12
_z- Enc. en un vol. facticio, conservando cub. original
856 4 _uhttp://bdh-rd.bne.es/viewer.vm?id=0000261739&page=1
_zBiblioteca Digital Hispánica
999 _c183680
_d183680